000
00215nam a22000977a 4500
020
_a
0027587703
100
_a
C. S. Lewis
245
_a
The Silver Chair /
260
_a
London
_b
Geoffrey Bles
_c
1953.
942
_c
BK
999
_c
266212
_d
266211